BIBLIOTHÈQUE DE LA MAISON DU MEXIQUE

Logo 1 Logo 2

Mil tres textos sobre la historia de la frontera norte (notice nᵒ 11062)

détails MARC
000 -Sello discográfico
campo de control de longitud fija 01154nam a2200289 4500
005 - Identificación de versión
campo de control 20251016082428.0
099 ## - fechas locales
Tipo de ítem Koha LIBRO
100 ## - Datos de procesamiento general
Datos de procesamiento general 20120120d1986 m y1spay5003 ba
105 ## - Campo de datos codificados: Material textual, monográfico
Datos codificados de monografía a 101zy
200 1# - Título y mención de responsabilidad
Título propio Mil tres textos sobre la historia de la frontera norte
Designación general del material texto impreso
Primer mención de responsabilidad Clemencia Benignos Acuña, Eduardo Enríquez Terrazas, Leticia Martínez Cárdenas, ... [et al.]
210 ## - Publicación, distribución, etc.
Lugar de publicación, distribución, etc. México
Nombre del editor, distribuidor, etc. Comité Mexicano de Ciencias Históricas
Fecha de publicación, distribución, etc. 1986
215 ## - Descripción física
Designación de material específico y extensión del ítem 445 p
Otras características físicas il.
Dimensiones 23 cm
300 ## - Notas generales
Texto de la nota Compilación de trabajos resultado de la "Primera Reunión Regional de Historia: Frontera Norte", celebrada en noviembre de 1984. Incluye índice onomástico
345 ## - Nota de información de adquisición
Fuente de adquisición/dirección de la suscripción [OBSOLETO] Donación Alain Musset
607 ## - Nombre geográfico utilizado como tema
Elemento de entrada Frontera Norte, México
Subdivisión temática Historia
Número Koha 2189
660 ## - Código de área geográfica
Código MX
700 ## - Nombre personal - Responsabilidad primaria
Elemento de entrada Benignos Acuña
Parte del nombre distinta del elemento de entrada Clemencia
Número Koha 17666
701 ## - Nombre personal - Responsabilidad alternativa
Elemento de entrada Enríquez Terrazas
Parte del nombre distinta del elemento de entrada Eduardo
Número Koha 17667
701 ## - Nombre personal - Responsabilidad alternativa
Elemento de entrada Martínez Cárdenas
Parte del nombre distinta del elemento de entrada Leticia
Número Koha 17668
801 #0 - Fuente de origen
País FR
Agencia cm
Reglas de catalogación (convenciones descriptivas) AFNOR
900 ## -
-- 1/6935
900 ## -
-- 7100418699\080304
942 ## - ELEMENTOS DE ENTRADA SECUNDARIOS (KOHA)
Tipo de ítem Koha Livre
996 ## -
-- MEX
-- 751145101
-- MMAG
-- 007108
-- 972.1 C733MI
-- 20221129LIV
Exemplaires
Estatus retirado Estado de daño Estado de pérdida Fecha de adquisición Biblioteca de origen Biblioteca actual Ubicación en estantería Código de barras Precio de reemplazo Signatura topográfica completa No para préstamo Tipo de ítem Koha Nota pública Nota no pública
      05/08/2025 Casa México Paris Casa México Paris   007108 05/08/2025 972.1 C733MI   Livre 20221129LIV 751145101